[Event "World Rapid 2018"]
[Site "St Petersburg RUS"]
[Date "2018.12.26"]
[Round "3.25"]
[White "Postny, Evgeny"]
[Black "Jobava, Baadur"]
[Result "1-0"]
[WhiteTitle "GM"]
[BlackTitle "GM"]
[WhiteElo "2615"]
[BlackElo "2627"]
[WhiteFideId "2804344"]
[BlackFideId "13601520"]
[EventDate "2018.12.26"]

1. d4 Nf6 2. c4 e6 3. Nf3 Bb4+ 4. Bd2 Bxd2+ 5. Qxd2 d5 6. e3 O-O 7. Nc3 Qe7 8.
a3 Rd8 9. cxd5 exd5 10. Bd3 Nc6 11. h3 a6 12. Qc2 Na7 13. O-O c6 14. a4 a5 15.
Rfe1 g6 16. e4 dxe4 17. Nxe4 Nxe4 18. Rxe4 Qf6 19. Qd2 Be6 20. Rf4 Qg7 21. Qxa5
Nb5 22. Qb6 Nd6 23. h4 h6 24. Re1 Re8 25. Qc5 Rad8 26. Qe5 Bd5 27. Qxg7+ Kxg7
28. Re3 f6 29. Rg4 f5 30. Rg3 Be4 31. Bxe4 Nxe4 32. Rh3 Kf6 33. Rb3 Re7 34. Rb4
Rd6 35. g3 c5 36. dxc5 Nxc5 37. g4 Rd1+ 38. Kg2 Nd3 39. Rb6+ Kg7 40. gxf5 Nf4+
41. Kg3 Nh5+ 42. Kh2 gxf5 43. Ng1 Nf6 44. Rg3+ Ng4+ 45. Kg2 Rd2 46. Nh3 Kh7 47.
Rgb3 Rdd7 48. Nf4 Ne5 49. Nh5 Rd4 50. Rxb7 Rxb7 51. Rxb7+ Kg6 52. Ng3 Rxh4 53.
a5 Ra4 54. b4 Nd3 55. Rb6+ Kg5 56. Rb5 Nxb4 57. Rxf5+ Kg6 58. Rf4 h5 59. a6 Kg5
60. Rc4 h4 61. Ne4+ Kf5 62. Nc5 h3+ 63. Kh2 1-0

[Event "World Rapid 2018"]
[Site "St Petersburg RUS"]
[Date "2018.12.26"]
[Round "3.26"]
[White "Demidov, Mikhail"]
[Black "Anton Guijarro, David"]
[Result "1/2-1/2"]
[WhiteTitle "IM"]
[BlackTitle "GM"]
[WhiteElo "2520"]
[BlackElo "2642"]
[WhiteFideId "4197143"]
[BlackFideId "2285525"]
[EventDate "2018.12.26"]

1. d4 f5 2. g3 Nf6 3. Bg2 g6 4. Nf3 Bg7 5. O-O O-O 6. b4 c6 7. Bb2 a5 8. a3 axb4
9. axb4 Rxa1 10. Bxa1 Na6 11. c3 d5 12. Nbd2 Ne4 13. e3 Be6 14. Bb2 Nc7 15. Nb3
Nb5 16. Qc2 Nbd6 17. Nc5 Bc8 18. Nd3 Nc4 19. Ra1 g5 20. Nfe5 Ncd6 21. Nc4 Nxc4
22. Bc1 Qc7 23. b5 e6 24. bxc6 Qxc6 25. Qb3 b6 26. Nb4 Qd7 27. Nd3 Qc7 28. Nb2
Na5 29. Qb4 Bd7 30. Bd2 Rc8 31. Nd3 Nc4 32. Be1 Bf8 33. Qb3 Bc6 34. Nb2 Na5 35.
Qd1 Bb5 36. h3 Nc4 37. Nd3 1/2-1/2

[Event "World Rapid 2018"]
[Site "St Petersburg RUS"]
[Date "2018.12.26"]
[Round "3.27"]
[White "Akopian, Vladimir"]
[Black "Sokolov, Andrei2"]
[Result "1-0"]
[WhiteTitle "GM"]
[BlackTitle "IM"]
[WhiteElo "2650"]
[BlackElo "2532"]
[WhiteFideId "13300032"]
[BlackFideId "11600306"]
[EventDate "2018.12.26"]

1. Nf3 d6 2. e4 Nf6 3. Nc3 c6 4. d4 Bg4 5. Be2 e6 6. O-O d5 7. e5 Bxf3 8. exf6
Bxe2 9. fxg7 Bxg7 10. Nxe2 Nd7 11. Nf4 Nf6 12. Re1 Qe7 13. a4 O-O-O 14. a5 a6
15. Ra3 Ne4 16. Nh5 Rhg8 17. Bf4 Bh8 18. Ng3 Nxg3 19. hxg3 h5 20. Qd2 h4 21. Rf3
hxg3 22. Bxg3 Rg4 23. c3 Bf6 24. Qh6 Bg7 25. Qh5 Rg6 26. Bh4 Qd7 27. Bxd8 Kxd8
28. Ree3 Bh6 29. Rd3 Qe7 30. Rg3 Bg5 31. Rdf3 Ke8 32. Qh8+ Qf8 33. Qe5 Qh6 34.
Rh3 Qg7 35. Rh8+ Kd7 36. Qb8 1-0

[Event "World Rapid 2018"]
[Site "St Petersburg RUS"]
[Date "2018.12.26"]
[Round "3.28"]
[White "Predke, Alexandr"]
[Black "Motylev, Alexander"]
[Result "1/2-1/2"]
[WhiteTitle "GM"]
[BlackTitle "GM"]
[WhiteElo "2622"]
[BlackElo "2644"]
[WhiteFideId "24107581"]
[BlackFideId "4121830"]
[EventDate "2018.12.26"]

1. e4 e5 2. Nc3 Nf6 3. g3 d5 4. exd5 Nxd5 5. Bg2 Nxc3 6. bxc3 Bc5 7. Nf3 Nc6 8.
O-O O-O 9. Qe2 Re8 10. d3 Bg4 11. h3 Bh5 12. g4 Bg6 13. Nd2 Bb6 14. Ne4 Ne7 15.
a4 c6 16. c4 f5 17. Ng5 h6 18. a5 Bd4 19. Ne6 Qd7 20. Nxd4 exd4 21. Qf3 Rf8 22.
Qg3 fxg4 23. hxg4 h5 24. Ba3 hxg4 25. Qd6 Qxd6 26. Bxd6 Rf7 27. a6 b6 28. c5
bxc5 29. Bxc5 Nd5 30. Bxd5 cxd5 31. Bxd4 Rc8 32. Ra2 Rc6 33. Rb1 Bf5 34. Rb5 Be6
35. Kg2 Kh7 36. Rb7 Rcc7 37. Rb8 Rc6 38. Rd8 Rfc7 39. c3 Rc8 40. Rxc8 Bxc8 41.
Bxa7 Rxa6 42. Rxa6 1/2-1/2

[Event "World Rapid 2018"]
[Site "St Petersburg RUS"]
[Date "2018.12.26"]
[Round "3.31"]
[White "Khusnutdinov, Rustam"]
[Black "Fridman, Daniel"]
[Result "1/2-1/2"]
[WhiteTitle "GM"]
[BlackTitle "GM"]
[WhiteElo "2470"]
[BlackElo "2633"]
[WhiteFideId "13701703"]
[BlackFideId "11600454"]
[EventDate "2018.12.26"]

1. e4 c6 2. d3 d5 3. Nd2 g6 4. g3 Bg7 5. Bg2 b6 6. Ngf3 Bb7 7. O-O Nd7 8. Re1 e6
9. Nf1 Ne7 10. c3 dxe4 11. dxe4 Nc5 12. Bg5 h6 13. Bxe7 Qxd1 14. Raxd1 Kxe7 15.
e5 Na4 16. Rd2 Rhd8 17. Nd4 Rac8 18. f4 Ba8 19. Rc2 a6 20. Ne3 c5 21. Ne2 Bxg2
22. Kxg2 b5 23. b3 Nb6 24. c4 b4 25. Rd1 f6 26. exf6+ Bxf6 27. Rcd2 Rxd2 28.
Rxd2 h5 29. Nd1 a5 30. Nf2 Rd8 31. Rxd8 Kxd8 32. Ne4 Be7 33. Nc1 Nd7 34. Nd3 Kc7
35. Kf3 Kb6 36. h4 Kc7 37. Ndf2 Nb8 38. Nd3 Nd7 39. Ke3 Bd6 40. Nd2 Kd8 41. Ne4
Kc7 42. Ng5 Nf8 43. Ke4 Kb7 44. Nf7 Kc7 45. Nde5 Be7 46. Nh8 Nh7 47. Nhxg6 Nf6+
48. Kf3 Bd6 49. Nd3 a4 50. Nge5 a3 51. Nf7 Kd7 52. Ng5 Ng4 53. Ne4 Kc6 54. Ndf2
Nh6 55. Nd3 Nf5 56. Nd2 Be7 57. Kf2 Bf6 58. Nf3 Kd6 59. Nc1 Bd4+ 60. Nxd4 Nxd4
61. g4 hxg4 62. Kg3 Ke7 63. Kxg4 Kf7 64. Kg5 Nf3+ 65. Kg4 Nd4 66. Kg3 Kg6 67.
Kg4 Kg7 68. h5 Kh6 69. Kh4 Nf5+ 70. Kg4 Nd4 71. Kh4 Nf5+ 72. Kg4 Nd4 1/2-1/2

[Event "World Rapid 2018"]
[Site "St Petersburg RUS"]
[Date "2018.12.26"]
[Round "3.32"]
[White "Riazantsev, Alexander"]
[Black "Usmanov, Vasily"]
[Result "1/2-1/2"]
[WhiteTitle "GM"]
[BlackTitle "IM"]
[WhiteElo "2649"]
[BlackElo "2450"]
[WhiteFideId "4125029"]
[BlackFideId "4135741"]
[EventDate "2018.12.26"]

1. d4 d5 2. c4 e6 3. Nf3 Nf6 4. Bg5 Be7 5. e3 h6 6. Bxf6 Bxf6 7. Qc2 Nd7 8. Nc3
c6 9. h4 b6 10. O-O-O Bb7 11. Kb1 Qc7 12. Be2 O-O-O 13. cxd5 exd5 14. Rc1 Nf8
15. Nb5 Qb8 16. Ne5 Bxe5 17. dxe5 Ne6 18. Bg4 Qxe5 19. Nxa7+ Kb8 20. Nxc6+ Bxc6
21. Qxc6 Rd6 22. Qc2 Qe4 23. Bxe6 Qxc2+ 24. Rxc2 fxe6 25. Rhc1 e5 26. Rc7 Rf8
27. f3 Rg6 28. R7c6 Rff6 29. Rc8+ Kb7 30. R1c7+ Ka6 31. Rc2 e4 32. f4 Rg3 33.
R8c3 g5 34. hxg5 hxg5 35. fxg5 Rf1+ 36. Rc1 Rxc1+ 37. Kxc1 Rxg2 38. Ra3+ Kb5 39.
Rb3+ Kc5 40. Rc3+ Kb5 41. Rb3+ Kc6 42. Rc3+ Kb5 1/2-1/2

[Event "World Rapid 2018"]
[Site "St Petersburg RUS"]
[Date "2018.12.26"]
[Round "3.34"]
[White "Pantsulaia, Levan"]
[Black "Bazeev, German"]
[Result "0-1"]
[WhiteTitle "GM"]
[WhiteElo "2597"]
[BlackElo "2416"]
[WhiteFideId "13602071"]
[BlackFideId "24119350"]
[EventDate "2018.12.26"]

1. Nf3 Nf6 2. g3 d5 3. Bg2 c6 4. c4 g6 5. b3 Bg7 6. Bb2 O-O 7. d3 Bg4 8. Nbd2
Bxf3 9. Nxf3 a5 10. O-O Nbd7 11. Qc2 Re8 12. Rac1 e5 13. cxd5 Nxd5 14. a3 Qe7
15. Nd2 Nc7 16. Nc4 Ne6 17. e3 b5 18. Nd2 Rac8 19. Qb1 Qd6 20. Ne4 Qb8 21. Rfd1
Red8 22. Bc3 b4 23. axb4 axb4 24. Bb2 Nb6 25. Qc2 c5 26. Ra1 Nd5 27. Ra6 Ndc7
28. Rc6 Nb5 29. Rxc8 Qxc8 30. Rc1 Na3 31. Qe2 f5 32. Nd2 e4 33. Nxe4 fxe4 34.
Bxe4 Qd7 35. Bxg7 Qxg7 36. Qg4 Qf6 37. h4 h5 38. Qxg6+ Qxg6 39. Bxg6 Kg7 40.
Bxh5 Rxd3 41. Bd1 c4 42. bxc4 Nc5 43. Kg2 Rd2 44. Ra1 Ne4 45. c5 Nxf2 46. Bf3
Ne4+ 47. Kh3 Nxc5 48. g4 Rd7 49. Rc1 Rc7 50. Bd5 Nb5 51. Rc4 Nc3 52. Bf3 Na6 53.
Bc6 Nb8 54. Rxb4 Nxc6 55. Rc4 Nd5 56. e4 Nde7 57. g5 Rd7 58. h5 Ne5 59. Rc3 N7c6
60. Rb3 Nd4 61. Ra3 Ne6 62. Kh4 Rf7 63. g6 Rf4+ 64. Kg3 Rg4+ 65. Kh3 Ng5+ 0-1

[Event "World Rapid 2018"]
[Site "St Petersburg RUS"]
[Date "2018.12.26"]
[Round "3.35"]
[White "Fedoseev, Vladimir3"]
[Black "Sharma, Dinesh K."]
[Result "1/2-1/2"]
[WhiteTitle "GM"]
[BlackTitle "IM"]
[WhiteElo "2719"]
[BlackElo "2295"]
[WhiteFideId "24130737"]
[BlackFideId "5004110"]
[EventDate "2018.12.26"]

1. d4 d5 2. c4 c6 3. Nf3 Nf6 4. e3 Bf5 5. Nc3 e6 6. Nh4 Be4 7. Be2 Nbd7 8. O-O
h6 9. cxd5 cxd5 10. Nxe4 Nxe4 11. g3 Be7 12. Ng2 O-O 13. Nf4 Rc8 14. f3 Nd6 15.
Bd3 Bg5 16. b3 Bxf4 17. gxf4 Nf5 18. Bd2 Qf6 19. Kh1 Kh8 20. Rg1 Nb8 21. Qf1 Rg8
22. Qh3 Kh7 23. Rad1 g6 24. e4 Qxd4 25. exf5 Qxd3 26. fxe6 f5 27. Bb4 Qe3 28.
Rge1 Qb6 29. Be7 Rge8 30. Bg5 Rxe6 31. Qxh6+ Kg8 32. Qh4 Nd7 33. Rxd5 Nf8 34.
Rde5 Rce8 35. Bf6 Nh7 36. Rxe6 Rxe6 37. Be5 Qc6 38. Kg2 Qc2+ 39. Qf2 Qxf2+ 40.
Kxf2 Rc6 41. Rd1 Nf8 42. Rd8 Kf7 43. Bd6 Nh7 44. Rd7+ Ke6 45. Rxh7 Rxd6 46. Kg3
Ra6 47. Rxb7 Rxa2 48. b4 a6 49. Rb6+ Kf7 50. h3 Kg7 51. h4 Kh6 52. Rb8 Rb2 53.
h5 a5 54. Rb6 Rxb4 55. Rxg6+ Kxh5 56. Rg5+ Kh6 57. Rxf5 Kg6 58. Rxa5 Rb1 59. Kf2
Kf6 60. Rh5 Ra1 61. Rg5 Rb1 62. Ra5 Rc1 63. f5 Kg5 64. Rd5 Ra1 65. Ke2 Ra3 66.
Rb5 Rc3 67. Kf2 Kf6 68. Kg3 Rc4 69. Rd5 Ra4 70. Rc5 Rb4 71. Rd5 Ra4 72. Kf2 Rf4
73. Ke3 Rxf5 74. Rxf5+ Kxf5 1/2-1/2

[Event "World Rapid 2018"]
[Site "St Petersburg RUS"]
[Date "2018.12.26"]
[Round "3.37"]
[White "Le, Quang Liem"]
[Black "Teske, Henrik"]
[Result "1-0"]
[WhiteTitle "GM"]
[BlackTitle "GM"]
[WhiteElo "2714"]
[BlackElo "2483"]
[WhiteFideId "12401137"]
[BlackFideId "4611500"]
[EventDate "2018.12.26"]

1. e4 e6 2. d4 d5 3. Nc3 dxe4 4. Nxe4 Bd7 5. Nf3 Bc6 6. Bd3 Nd7 7. O-O Ngf6 8.
Ng3 Bd6 9. Re1 O-O 10. Ne5 Bxe5 11. dxe5 Nd5 12. Qh5 g6 13. Qh6 f5 14. exf6 Qxf6
15. Ne4 Qg7 16. Qh4 Rfe8 17. Bh6 Qxb2 18. Ng5 Qf6 19. Rad1 Rad8 20. Bc4 b5 21.
Bf1 e5 22. c4 bxc4 23. Bxc4 Nb6 24. Bb3 a5 25. a3 Qf4 26. Qxf4 exf4 27. Ne6 Rd6
28. Nxc7 Rxe1+ 29. Rxe1 Rd7 30. Bxf4 a4 31. Ba2 Kg7 32. Ne6+ Kf6 33. Bg5+ 1-0

[Event "World Rapid 2018"]
[Site "St Petersburg RUS"]
[Date "2018.12.26"]
[Round "3.39"]
[White "Guseinov, Gadir"]
[Black "Gasanov, Eldar"]
[Result "1-0"]
[WhiteTitle "GM"]
[BlackTitle "GM"]
[WhiteElo "2664"]
[BlackElo "2499"]
[WhiteFideId "13401378"]
[BlackFideId "14104466"]
[EventDate "2018.12.26"]

1. e4 Nc6 2. Nf3 d6 3. d4 Nf6 4. Nc3 g6 5. Be2 Bg7 6. O-O O-O 7. d5 Nb8 8. Bf4
e5 9. dxe6 Bxe6 10. Qd2 Nc6 11. Rad1 Re8 12. Rfe1 Ng4 13. Ng5 Bd7 14. Nf3 a6 15.
h3 Nge5 16. Nxe5 Nxe5 17. Bg5 f6 18. Bh6 Bxh6 19. Qxh6 Nf7 20. Qf4 Kg7 21. Bc4
Be6 22. Bf1 Qe7 23. Qg3 c6 24. Ne2 Rad8 25. Nf4 Bc8 26. c4 Qe5 27. b3 Ng5 28.
Bd3 Kh8 29. Qe3 Kg7 30. Bc2 Qc5 31. Qg3 Qe5 32. Qe3 a5 33. h4 Nf7 34. Qg3 Kh8
35. Qf3 Nh6 36. Nd3 Qe7 37. Qe3 Ng4 38. Qb6 a4 39. bxa4 Ne5 40. Nxe5 dxe5 41. a5
Kg7 42. a6 bxa6 43. Qxc6 Be6 44. Bb3 a5 45. Qb6 Ra8 46. Ba4 Reb8 47. Qe3 Qb4 48.
Bb5 Rd8 49. a3 Qe7 50. c5 Qc7 51. a4 h5 52. c6 Bg4 53. f3 Be6 54. Qc5 Rab8 55.
Kh2 Bb3 56. Rxd8 Rxd8 57. Rb1 Bf7 58. Bc4 Rc8 59. Bxf7 Qxf7 60. Rb7 Rc7 61. Qb6
Kh8 1-0

[Event "World Rapid 2018"]
[Site "St Petersburg RUS"]
[Date "2018.12.26"]
[Round "3.40"]
[White "Sjugirov, Sanan"]
[Black "Yilmaz, Mustafa"]
[Result "1-0"]
[WhiteTitle "GM"]
[BlackTitle "GM"]
[WhiteElo "2663"]
[BlackElo "2636"]
[WhiteFideId "4189302"]
[BlackFideId "6302718"]
[EventDate "2018.12.26"]

1. d4 Nf6 2. c4 e6 3. Nc3 c5 4. d5 exd5 5. cxd5 d6 6. e4 g6 7. f4 Bg7 8. Bb5+
Nfd7 9. a4 O-O 10. Nf3 Na6 11. O-O Nb4 12. Kh1 a6 13. Be2 Re8 14. f5 Nf6 15. Bg5
h6 16. Bxf6 Bxf6 17. fxg6 fxg6 18. Qd2 Bg7 19. h3 b6 20. Bc4 Ra7 21. e5 dxe5 22.
Rae1 Bf5 23. d6+ Kh8 24. g4 e4 25. gxf5 exf3 26. Rxe8+ Qxe8 27. Be6 Qc6 28. d7
f2+ 29. Qd5 Qxd5+ 30. Nxd5 Rxd7 31. Bxd7 Nxd5 32. Rxf2 Bd4 33. Re2 gxf5 34. Bxf5
Ne3 35. Bd3 a5 36. b3 Kg7 37. Rf2 Nd1 38. Rg2+ Kf7 39. Bc4+ Kf6 40. Rg8 Be5 41.
Re8 Kf5 42. Bd3+ Kf4 43. Kg2 Ne3+ 44. Kf2 Nd5 45. Bc4 Bd4+ 46. Ke2 Nc3+ 47. Kd3
Nd1 48. h4 h5 49. Re6 Nf2+ 50. Ke2 Ne4 51. Rxb6 Bc3 52. Bd5 Ng3+ 53. Kd3 Bb4 54.
Be6 Ne4 55. Bc8 Nf2+ 56. Ke2 Ng4 57. Rg6 Ne5 58. Rg5 c4 59. bxc4 Nxc4 60. Be6
Nd6 61. Rxh5 Kg3 62. Kd3 Ne8 63. Rh8 Nf6 64. h5 Kh4 65. Bf7 Kg5 66. Rb8 Nd7 67.
Rg8+ Kh6 68. Rg6+ Kh7 69. Ke4 Nc5+ 70. Kf5 Nxa4 71. Rc6 Nc5 72. Bg6+ Kh8 73.
Rc8+ Kg7 74. Rc7+ Kh8 75. h6 1-0

[Event "World Rapid 2018"]
[Site "St Petersburg RUS"]
[Date "2018.12.26"]
[Round "3.42"]
[White "Grachev, Boris"]
[Black "Popov, Ivan RUS"]
[Result "1/2-1/2"]
[WhiteTitle "GM"]
[BlackTitle "GM"]
[WhiteElo "2626"]
[BlackElo "2592"]
[WhiteFideId "4129199"]
[BlackFideId "4170350"]
[EventDate "2018.12.26"]

1. e4 e5 2. Nf3 Nc6 3. Bb5 a6 4. Ba4 Nf6 5. O-O Nxe4 6. d4 b5 7. Bb3 d5 8. dxe5
Be6 9. Qe2 Nc5 10. Rd1 Nxb3 11. axb3 Be7 12. c4 b4 13. cxd5 Bxd5 14. Qd3 Be4 15.
Qe2 Bd5 16. Qd3 Be4 1/2-1/2

[Event "World Rapid 2018"]
[Site "St Petersburg RUS"]
[Date "2018.12.26"]
[Round "3.43"]
[White "Hovhannisyan, Robert"]
[Black "Saric, Ivan"]
[Result "1-0"]
[WhiteTitle "GM"]
[BlackTitle "GM"]
[WhiteElo "2637"]
[BlackElo "2695"]
[WhiteFideId "13302507"]
[BlackFideId "14508150"]
[EventDate "2018.12.26"]

1. e4 g6 2. d4 d6 3. Nc3 Bg7 4. Be3 Nd7 5. Nf3 a6 6. Bc4 e6 7. a4 Ne7 8. a5 O-O
9. Qd2 Nf6 10. Bd3 Ng4 11. Bg5 h6 12. Bh4 g5 13. h3 Ne5 14. dxe5 gxh4 15. exd6
cxd6 16. Nxh4 Nc6 17. Nf3 Nxa5 18. Ne2 Nc6 19. c3 d5 20. exd5 Qxd5 21. O-O Rd8
22. Rfd1 Qc5 23. Ng3 Bd7 24. Ne4 Qe7 25. Qe2 Be8 26. Ng3 Rd5 27. Be4 Rxd1+ 28.
Rxd1 Rd8 29. Rxd8 Nxd8 30. Bc2 Qc5 31. Nf5 Bb5 32. Qd2 exf5 33. Qxd8+ Qf8 34.
Qd5 Bc6 35. Qxf5 Qe7 36. Qc8+ Qe8 37. Qxe8+ Bxe8 38. Nd4 a5 39. Be4 b5 40. Bc6
Bxc6 41. Nxc6 a4 42. Kf1 Kf8 43. Ke2 Ke8 44. Kd3 Kd7 45. Nd4 b4 46. cxb4 Kc7 47.
Nb5+ Kb6 48. Nc3 h5 49. Kc4 1-0

[Event "World Rapid 2018"]
[Site "St Petersburg RUS"]
[Date "2018.12.26"]
[Round "3.44"]
[White "Savchenko, Boris"]
[Black "Golubov, Saveliy"]
[Result "1-0"]
[WhiteTitle "GM"]
[BlackTitle "IM"]
[WhiteElo "2562"]
[BlackElo "2482"]
[WhiteFideId "4147332"]
[BlackFideId "24176729"]
[EventDate "2018.12.26"]

1. e4 c5 2. Nc3 e6 3. Nf3 d5 4. exd5 exd5 5. Bb5+ Nc6 6. O-O Nf6 7. Re1+ Be7 8.
Ne5 Bd7 9. Bxc6 bxc6 10. b3 O-O 11. Ba3 Re8 12. Na4 Bd6 13. d4 Ne4 14. Bxc5 Bxc5
15. Rxe4 dxe4 16. Nxc5 Bf5 17. c3 Qd5 18. Nc4 Bg6 19. a4 h5 20. a5 Qg5 21. Qc1
Qf6 22. a6 h4 23. h3 Rab8 24. b4 Rbd8 25. Qe3 Kh7 26. Re1 Re7 27. Ne5 Rxe5 28.
dxe5 Qxe5 29. Nxe4 f6 30. Nc5 Qd5 31. Qf4 Kg8 32. Qxh4 Qd2 33. Re3 Qc1+ 34. Kh2
Rd1 35. Qg4 Rh1+ 36. Kg3 Qc2 37. Qc4+ Kh8 38. Ne6 Qf5 39. Qxc6 Qc2 1-0

[Event "World Rapid 2018"]
[Site "St Petersburg RUS"]
[Date "2018.12.26"]
[Round "3.45"]
[White "Gabrielian, Artur"]
[Black "Bocharov, Ivan"]
[Result "1/2-1/2"]
[WhiteTitle "GM"]
[BlackTitle "IM"]
[WhiteElo "2499"]
[BlackElo "2563"]
[WhiteFideId "4131002"]
[BlackFideId "4180887"]
[EventDate "2018.12.26"]

1. e4 e5 2. Nf3 Nc6 3. Bc4 Bc5 4. d3 Nf6 5. Bg5 h6 6. Bh4 Be7 7. Bg3 d6 8. a4
Be6 9. Bxe6 fxe6 10. Nbd2 O-O 11. c3 a5 12. Qb3 Qd7 13. O-O Nh5 14. Rfe1 b6 15.
Qb5 Nb8 16. d4 Qxb5 17. axb5 exd4 18. cxd4 c6 19. d5 cxd5 20. exd5 e5 21. Ne4
Nd7 22. Rac1 Nc5 23. Rcd1 a4 24. h3 Nf4 25. Bxf4 Rxf4 26. Nfd2 Ra5 27. g3 Rf8
28. Nxc5 bxc5 29. b6 Rb5 30. Nc4 Rb4 31. Rc1 Rf3 32. Red1 e4 33. Re1 Bf6 34. Rc2
Rfb3 35. Rxe4 Bxb2 36. Rxb2 Rxb2 37. Re8+ Kf7 38. Nxd6+ Kg6 39. Ra8 Rxb6 40. Nc4
Rb1+ 41. Kg2 R6b4 42. Ne5+ Kf5 43. Nc6 Rc4 44. Rf8+ Ke4 45. d6 Rd1 46. Rf4+ Kd5
47. Ne7+ Kxd6 48. Nf5+ Ke5 49. Rxc4 Kxf5 50. Rxc5+ Ke6 51. Ra5 Rd4 52. h4 1/2-1/2

[Event "World Rapid 2018"]
[Site "St Petersburg RUS"]
[Date "2018.12.26"]
[Round "3.46"]
[White "Goganov, Aleksey"]
[Black "Najer, Evgeniy"]
[Result "1/2-1/2"]
[WhiteTitle "GM"]
[BlackTitle "GM"]
[WhiteElo "2612"]
[BlackElo "2670"]
[WhiteFideId "24109959"]
[BlackFideId "4118987"]
[EventDate "2018.12.26"]

1. d4 Nf6 2. c4 e6 3. Nf3 Bb4+ 4. Bd2 c5 5. Bxb4 cxb4 6. g3 b6 7. Bg2 Bb7 8. O-O
a5 9. Qd3 O-O 10. Nbd2 d6 11. e4 e5 12. Rfe1 Nc6 13. Nf1 Re8 14. Rad1 Rb8 15.
Ne3 exd4 16. Nxd4 Nxd4 17. Qxd4 Bxe4 18. Qxd6 Bxg2 19. Kxg2 Qxd6 20. Rxd6 Kf8
21. Red1 Rec8 22. f3 b5 23. cxb5 Rxb5 24. g4 b3 25. a3 h5 26. h3 Re8 27. Kf2 Kg8
28. Rd8 Rxd8 29. Rxd8+ Kh7 30. Ke2 hxg4 31. hxg4 Rb7 32. Ra8 Rb5 33. a4 Re5 34.
Kd3 Nd7 35. Ra7 Nc5+ 36. Kd4 f6 37. Nc4 Ne6+ 38. Kc3 Re2 39. Nxa5 Re3+ 40. Kc4
Rxf3 41. Nxb3 Rf4+ 42. Kd5 Rb4 43. Kxe6 Rxb3 44. Rc7 Rxb2 45. Rc4 Kg6 46. Kd6
Ra2 47. Kc6 f5 48. gxf5+ 1/2-1/2

[Event "World Rapid 2018"]
[Site "St Petersburg RUS"]
[Date "2018.12.26"]
[Round "3.47"]
[White "Esipenko, Andrey"]
[Black "Geller, Jakov"]
[Result "1/2-1/2"]
[WhiteTitle "GM"]
[BlackTitle "GM"]
[WhiteElo "2593"]
[BlackElo "2518"]
[WhiteFideId "24175439"]
[BlackFideId "4151984"]
[EventDate "2018.12.26"]

1. d4 d5 2. Nf3 Nf6 3. c4 e6 4. Nc3 Nbd7 5. Bf4 dxc4 6. e3 Nd5 7. Bxc4 Nxf4 8.
exf4 Bd6 9. g3 Nb6 10. Bd3 Bd7 11. Be4 c6 12. O-O Nd5 13. Qe2 O-O 14. Rad1 g6
15. Bd3 Nxc3 16. bxc3 Qc7 17. h4 Rad8 18. Be4 Qa5 19. Qe3 c5 20. Kg2 cxd4 21.
cxd4 Bc6 22. Bxc6 bxc6 23. Qe2 Rb8 24. Rc1 Rb6 25. Rc2 Rfb8 26. Rd1 Qd5 27. Qc4
a5 28. Rd3 Kg7 29. Re3 Be7 30. Ree2 Bf6 31. Qa4 Rb5 32. Qc4 R8b6 33. Qxd5 cxd5
34. g4 Rb4 35. Rc7 h6 36. Rd2 Rb7 37. Rc5 Ra4 38. f5 gxf5 39. gxf5 Be7 40. Rc6
exf5 41. Re2 Bf6 42. Rd6 Bxd4 43. Rxd5 Bf6 44. Rxf5 Rb2 45. Rxb2 Bxb2 46. Rc5
Rxa2 47. Rc2 a4 48. Nd2 a3 49. Nc4 Ra1 50. Nxb2 Ra2 51. Rc3 axb2 52. Rb3 Kf6 53.
Rb5 Ke6 54. Kf3 Kd6 55. Ke4 Kc6 56. Rb8 Kc5 57. Kd3 f5 58. h5 f4 59. Rc8+ Kd5
60. Rb8 Ra3+ 61. Ke2 f3+ 62. Kd2 Ra2 63. Kd3 Ke5 64. Ke3 Kd5 65. Kd3 Kd6 66. Ke3
Kd5 67. Kd3 Ra3+ 68. Kd2 Ke4 69. Rxb2 Rd3+ 70. Ke1 Rd5 71. Rb6 Rxh5 72. Rb4+ Kf5
73. Kd2 Kg6 74. Rb6+ Kg5 75. Ke3 Kg4 76. Rb4+ Kh3 77. Kxf3 Rf5+ 78. Rf4 Rxf4+
79. Kxf4 Kg2 80. Kg4 Kxf2 81. Kh5 Kg3 82. Kxh6 1/2-1/2

[Event "World Rapid 2018"]
[Site "St Petersburg RUS"]
[Date "2018.12.26"]
[Round "3.48"]
[White "Baron, Tal"]
[Black "Mchedlishvili, Mikheil"]
[Result "0-1"]
[WhiteTitle "GM"]
[BlackTitle "GM"]
[WhiteElo "2532"]
[BlackElo "2610"]
[WhiteFideId "2809958"]
[BlackFideId "13600966"]
[EventDate "2018.12.26"]

1. d4 d6 2. e4 Nf6 3. Nc3 g6 4. f4 Bg7 5. Bd3 Nc6 6. d5 Nb4 7. Bc4 O-O 8. a3 Na6
9. Nf3 Nc5 10. e5 Nfd7 11. Be3 Nb6 12. Ba2 Nba4 13. Nxa4 Nxa4 14. O-O c6 15. c3
Nb6 16. c4 cxd5 17. cxd5 Bg4 18. Qd4 Nd7 19. Qb4 Bxf3 20. Rxf3 dxe5 21. f5 Nf6
22. fxg6 hxg6 23. Qh4 Qd7 24. Bg5 Rfc8 25. Raf1 Rc2 26. Bh6 Bxh6 27. Qxh6 Qg4
28. Rg3 Qd4+ 29. Kh1 Ng4 30. Rxg4 Qxg4 0-1

[Event "World Rapid 2018"]
[Site "St Petersburg RUS"]
[Date "2018.12.26"]
[Round "3.49"]
[White "Zhigalko, Andrey"]
[Black "Ragger, Markus"]
[Result "1/2-1/2"]
[WhiteTitle "GM"]
[BlackTitle "GM"]
[WhiteElo "2545"]
[BlackElo "2687"]
[WhiteFideId "13502247"]
[BlackFideId "1610856"]
[EventDate "2018.12.26"]

1. e4 e5 2. Nf3 Nc6 3. Bb5 Nf6 4. d3 Bc5 5. O-O Nd4 6. Nxd4 Bxd4 7. Nd2 O-O 8.
c3 Bb6 9. Nc4 d5 10. exd5 Qxd5 11. Nxb6 axb6 12. Bc4 Qd6 13. Bg5 Bg4 14. Qe1
Rfe8 15. Bxf6 Qxf6 16. Qe4 Qg6 17. Rfe1 Qxe4 18. dxe4 Rad8 19. f3 Be6 20. Bxe6
Rxe6 21. Rad1 Red6 22. Rxd6 Rxd6 23. Kf2 Rd2+ 24. Re2 Rd1 25. Re1 Rd2+ 26. Re2
Rd1 27. Re1 Rd2+ 1/2-1/2

[Event "World Rapid 2018"]
[Site "St Petersburg RUS"]
[Date "2018.12.26"]
[Round "3.50"]
[White "Vitiugov, Nikita"]
[Black "Anisimov, Pavel2"]
[Result "1-0"]
[WhiteTitle "GM"]
[BlackTitle "IM"]
[WhiteElo "2719"]
[BlackElo "2533"]
[WhiteFideId "4152956"]
[BlackFideId "4135229"]
[EventDate "2018.12.26"]

1. e4 e6 2. d4 d5 3. e5 c5 4. c3 Qb6 5. Nf3 Nc6 6. a3 Bd7 7. b4 cxd4 8. cxd4 Nh6
9. Nc3 Rc8 10. Na4 Qd8 11. Bd3 Nf5 12. Bb2 Be7 13. Nc5 Rc7 14. Rc1 O-O 15. O-O
Bc8 16. Qb3 Nb8 17. Rc2 b6 18. Na4 Bd7 19. b5 Rxc2 20. Qxc2 Qc8 21. Nc3 h5 22.
Rc1 Qb7 23. Qd2 a6 24. bxa6 Nxa6 25. Ne2 Rc8 26. Rb1 Nc7 27. Nf4 g6 28. g3 Bb5
29. Bc2 Qa6 30. Kg2 Ba4 31. Bxf5 exf5 32. e6 Nxe6 33. Nxd5 Bd8 34. Nb4 Qb7 35.
d5 Nf8 36. Re1 f6 37. Qe3 Qd7 38. Nd4 Qf7 39. Ndc6 Bxc6 40. dxc6 b5 41. Qc5 Qc4
42. Qd6 Qf7 43. Nd5 Kg7 44. Nxf6 Bxf6 45. Bxf6+ Kh6 1-0